Schüler 5c-10c - Statistiken

Allgemein
  • Dieses Quiz wurde 35 mal gespielt
    28 seit der letzten Aktualisierung
  • Das Durchschnittsergebnis liegt bei 5 aus 38
Antwortstatistiken
Antwort % Korrekt
5-6 Ben K
69%
5-EF Ben
44%
8-8 Mo
38%
5-10 Alex
31%
6-7 Chiara
19%
7-7 Justus
19%
5-EF Moritz
19%
5-EF Niklas
19%
8-EF Noah
19%
5-6 Sara
19%
9-9 Simon
19%
5-EF Agoston
13%
5-EF Amelie
13%
5-7 David
13%
5-EF Jonah
13%
6-EF Kai
13%
5-5 Pauline
13%
5-6 Phillip
13%
5-EF Sam
13%
5-10 Adrian
6%
5-EF Ante
6%
5-6 Damian
6%
8-EF Esat
6%
5-7 Hamsa
6%
6-6 Juline
6%
5-EF Leonidas
6%
5-9 Leopold
6%
5-9 Lorne
6%
5-5 Melina
6%
5-EF Nabil
6%
5-EF Nelson
6%
5-7 Nevio
6%
5-EF Rosalie
6%
8-9 Rozerin
6%
7-9 Shari
6%
5-EF Shrey
6%
5-EF Tristan
6%
9-9 Yehor
6%
Keine übereinstimmenden Quizze gefunden
Verteilung der Resultate
Anzahl Personen mit jedem Resultat
Perzentil nach korrekt beantworteten Fragen
Ihre Resultats-Entwicklung
Sie haben dieses Quiz seit der letzten Aktualisierung nicht gespielt